After Timur left : (Record no. 90026)
[ view plain ]
| 000 -LEADER | |
|---|---|
| fixed length control field | 01034nam a22002297a 4500 |
| 005 - DATE AND TIME OF LATEST TRANSACTION | |
| control field | 20141201152913.0 |
| 010 ## - LCCN (DPL NO) | |
| LC control number | ENG-111221 |
| 020 ## - INTERNATIONAL STANDARD BOOK NUMBER | |
| International Standard Book Number | 9780199450664 |
| Terms of availability | 1350.00 |
| 020 ## - INTERNATIONAL STANDARD BOOK NUMBER | |
| International Standard Book Number | 0199450668 |
| Terms of availability | 1350.00 |
| 035 ## - SYSTEM CONTROL NUMBER | |
| System control number | EN-94753 |
| 037 ## - SOURCE OF ACQUISITION | |
| Source of stock number/acquisition | DBAD/PUB |
| 082 ## - DEWEY DECIMAL CLASSIFICATION NUMBER | |
| Classification number | 954.024 |
| 245 ## - TITLE STATEMENT | |
| Title | After Timur left : |
| Statement of responsibility, etc | edited by Francesca Orsini [and] Samira Sheikh |
| Remainder of title | culture and circulation in fifteenth-century North India / |
| 260 ## - PUBLICATION, DISTRIBUTION, ETC. (IMPRINT) | |
| Place of publication, distribution, etc | New Delhi |
| Name of publisher, distributor, etc | Oxford University Press |
| Date of publication, distribution, etc | 2014 |
| 270 ## - ADDRESS | |
| Address | YMCA Library building, 1 Jai Singh Road |
| City | New Delhi |
| Postal code | 110001 |
| 300 ## - PHYSICAL DESCRIPTION | |
| Extent | xii, 500p.,8 unnumbered pages of plates : |
| Dimensions | 23cm(Hb) |
| Other physical details | ill.(b& w, and col.) |
| 500 ## - GENERAL NOTE | |
| General note | Includes bibliographical references (pages 437-469) and index. |
| 520 ## - SUMMARY, ETC. | |
| Summary, etc | Papers presented at the Conference ’After Timur Came: Multiple Spaces of Cultural Production and Circulation in Fifteenth-Century North India’ held at London during 29-31 May, 2007. |
| 700 ## - ADDED ENTRY--PERSONAL NAME | |
| Personal name | Orsini, Francesca |
| 700 ## - ADDED ENTRY--PERSONAL NAME | |
| Personal name | Sheikh, Samira |
| 942 ## - ADDED ENTRY ELEMENTS (KOHA) | |
| Source of classification or shelving scheme | Dewey Decimal Classification |
| Item type | English Books |
| Call number suffix | AFT |
| Classification part | 954.024 |
| Withdrawn status | Lost status | Not for loan | Collection code | Home library | Current library | Date acquired | Source of acquisition | Cost, normal purchase price | Full call number | Barcode | Copy number | Cost, replacement price | Koha item type |
|---|---|---|---|---|---|---|---|---|---|---|---|---|---|
| Not For Loan | Non-fiction | D.B.Act.Division | D.B.Act.Division | 13/11/2014 | DBAD/PUB | 1350.00 | 954.024 AFT | EN-94753 | 1 | 1350.00 | English Books |
